Prison Break - Characters by Picture - Statistics

General Stats
  • This quiz has been taken 521 times
  • The average score is 11 of 20
Answer Stats
Picture Answer % Correct
Theodore Bagwell
94%
Michael Scofield
89%
Fernando Sucre
84%
Alexander Mahone
82%
Lincoln Burrows
78%
Benjamin Franklin
75%
John Abruzzi
73%
Sara Tancredi
67%
Paul Kellerman
60%
Brad Bellick
59%
David Apolskis
55%
Charles Patoshik
48%
Charles Westmoreland
44%
Henry Pope
42%
Gretchen Morgan
36%
Don Self
33%
Veronica Donovan
30%
James Whistler
29%
Jonathan Krantz
17%
Jacob Ness
11%
No matching quizzes found
Score Distribution
Percent of People with Each Score
Percentile by Number Answered
Your Score History
You have not taken this quiz